Deadly impasse (Record no. 941753)

MARC details
000 -LEADER
fixed length control field 00911nam a2200265Ia 4500
003 - CONTROL NUMBER IDENTIFIER
control field OSt
005 - DATE AND TIME OF LATEST TRANSACTION
control field 20221005033602.0
008 - FIXED-LENGTH DATA ELEMENTS--GENERAL INFORMATION
fixed length control field 221004b |||||||| |||| 00| 0 eng d
020 ## - INTERNATIONAL STANDARD BOOK NUMBER
International Standard Book Number 978316634882 (pbk)
037 ## - SOURCE OF ACQUISITION
Terms of availability Textual
040 ## - CATALOGING SOURCE
Original cataloging agency CRL
Transcribing agency CRL
Language of cataloging eng
041 ## - LANGUAGE CODE
Source of code eng
Language code of text/sound track or separate title eng
100 ## - MAIN ENTRY--PERSONAL NAME
Personal name Ganguly Sumit Au.
9 (RLIN) 586203
245 #0 - TITLE STATEMENT
Title Deadly impasse
Remainder of title Kashmir and Indo - Pakistani relations at the dawn of a new century
260 ## - PUBLICATION, DISTRIBUTION, ETC.
Place of publication, distribution, etc. Delhi
Name of publisher, distributor, etc. Cambridge University Press India
Date of publication, distribution, etc. 2016
300 ## - PHYSICAL DESCRIPTION
Extent x,176p.
Dimensions cm.
650 ## - SUBJECT ADDED ENTRY--TOPICAL TERM
Topical term or geographic name entry element HISTORY
650 ## - SUBJECT ADDED ENTRY--TOPICAL TERM
Topical term or geographic name entry element FOREIGN RELATIONS
9 (RLIN) 32171
942 ## - ADDED ENTRY ELEMENTS (KOHA)
Classification part V2:1944Q7, Q6
Koha item type Textual
Source of classification or shelving scheme
Holdings
Withdrawn status Lost status Damaged status Not for loan Home library Current library Date acquired Source of acquisition Total Checkouts Full call number Barcode Date last seen Price effective from Koha item type
        Central Library Central Library 2022-10-05 IN/2018-2019/225, 31/01/2020, Selectbook Service Syndicate   V2:1944Q7 Q6 CL1662265 2022-10-05 2022-10-05 Textual
Copyright @ Delhi University Library System